Communication systems : (Record no. 4693)
[ view plain ]
| 000 -LEADER | |
|---|---|
| fixed length control field | 00963nam a22002657a 4500 |
| 003 - CONTROL NUMBER IDENTIFIER | |
| control field | OSt |
| 005 - DATE AND TIME OF LATEST TRANSACTION | |
| control field | 20250220010806.0 |
| 008 - FIXED-LENGTH DATA ELEMENTS--GENERAL INFORMATION | |
| fixed length control field | 250220t2002 |||||||| |||| 00| | eng d |
| 020 ## - INTERNATIONAL STANDARD BOOK NUMBER | |
| International Standard Book Number | 0-07-011127-8 |
| 040 ## - CATALOGING SOURCE | |
| Transcribing agency | JMCFI - Learning Resource Center |
| 082 ## - DEWEY DECIMAL CLASSIFICATION NUMBER | |
| Classification number | F.P./IT.Ed. 621.382'23 C284 2002 |
| 100 ## - MAIN ENTRY--PERSONAL NAME | |
| Personal name | Carlson, A. Bruce |
| 9 (RLIN) | 5888 |
| 245 ## - TITLE STATEMENT | |
| Title | Communication systems : |
| Remainder of title | an introduction to signals and noise in electrical communication / |
| Statement of responsibility, etc. | A. Bruce Carlson, Paul B. Crilly, and Janet C. Rutledge. |
| 250 ## - EDITION STATEMENT | |
| Edition statement | Fourth edition. |
| 260 ## - PUBLICATION, DISTRIBUTION, ETC. | |
| Place of publication, distribution, etc. | Boston : |
| Name of publisher, distributor, etc. | McGraw-Hill , |
| Date of publication, distribution, etc. | 2002. |
| 300 ## - PHYSICAL DESCRIPTION | |
| Extent | xiii, 850 pages ; |
| Dimensions | 23 cm |
| 500 ## - GENERAL NOTE | |
| General note | Includes indexes. |
| 504 ## - BIBLIOGRAPHY, ETC. NOTE | |
| Bibliography, etc. note | Includes bibliographical references. |
| 650 ## - SUBJECT ADDED ENTRY--TOPICAL TERM | |
| Topical term or geographic name entry element | Signal theory (Telecommunication). |
| 9 (RLIN) | 4476 |
| 650 ## - SUBJECT ADDED ENTRY--TOPICAL TERM | |
| Topical term or geographic name entry element | Modulation (Electronics). |
| 9 (RLIN) | 5889 |
| 650 ## - SUBJECT ADDED ENTRY--TOPICAL TERM | |
| Topical term or geographic name entry element | Digital communications. |
| 9 (RLIN) | 5058 |
| 700 ## - ADDED ENTRY--PERSONAL NAME | |
| Personal name | Crilly, Paul B |
| 9 (RLIN) | 5890 |
| 700 ## - ADDED ENTRY--PERSONAL NAME | |
| Personal name | Rutledge, Janet C |
| 9 (RLIN) | 5891 |
| 942 ## - ADDED ENTRY ELEMENTS (KOHA) | |
| Source of classification or shelving scheme | Dewey Decimal Classification |
| Koha item type | Books |
| Edition | Fourth edition |
| Suppress in OPAC | No |
| Withdrawn status | Lost status | Source of classification or shelving scheme | Damaged status | Not for loan | Home library | Current library | Shelving location | Date acquired | Total Checkouts | Full call number | Barcode | Date last seen | Copy number | Price effective from | Koha item type |
|---|---|---|---|---|---|---|---|---|---|---|---|---|---|---|---|
| Dewey Decimal Classification | LRC - College (Main) | LRC - College (Main) | Foreign Publications - Information Technology Education | 07/06/2012 | F.P./IT.Ed. 621.382'23 C284 2002 | 00005726 | 02/20/2025 | 1 | 02/20/2025 | Books |